000 00788nam a22002537a 4500
001 40640
003 UA-OsUOA
005 20191121092608.0
007 ta
008 20060819b un ||||| |||| 00| 0 ukr d
020 _a5-325-00527-8
040 _aUA-OsUOA
_bukr
_cUA-OsUOA
_dUA-OsUOA
041 _aukr
080 _a94(477)-055.2
090 _a94(477)-055.2
_bБ73
100 _aБогачевська-Хомяк М.
245 _aБілим по білому: жінки в громадському житті України 1884 - 1939
260 _aК.
_bЛибідь
_c1995
300 _a424 с.
650 7 _a9 Географія. Біографії. Історія
_2UDC
942 _cBK
_2udc
955 _a2
999 _c326780
_d326780